000 02192cam a22004694i 4500
003 PE-LiUPU
005 20250731175640.0
008 150706s2004 my a rb 000 0 spa d
020 _a0582339324
035 _a(Sirsi) i9780582339323
040 _aPE-LiUPU
_bspa
_cPE-LiUPU
_erda
049 _aPRUA
082 0 4 _a428.07
_bHT
_221
100 1 _aThornbury, Scott,
_eautor.
245 1 0 _aHow to teach grammar /
_cScott Thornbury.
264 1 _aMalasia :
_bPearson Education Limited,
_c2004.
300 _a182 páginas :
_bilustraciones ;
_c25 centímetros
336 _atext
_2rdacontent
337 _aunmediated
_2rdamedia
338 _avolume
_2rdacarrier
490 0 _aHow to .
504 _aIncluye lecturas adicionales.
505 0 _aWhat is grammar? -Why teach grammar? -How to teach grammar from rules -- How to teach grammar from examples -- How to teach grammar through texts -- How to practice grammar -- How to deal with grammar errors -- How to integrate grammar -- How to test grammar -- How NOT to teach grammar.
526 _aP145
526 _aP127
526 _aP97
526 _aP35
526 _aP14
526 _aP07
541 _g002-0042779;
650 0 4 _aInglés
_xEstudio y enseñanza.
700 1 _aHarmer, Jeremy,
_eed.
910 _bjv
_cjvm
_d20100525
942 _2ddc
_cBOOK
949 _a428.2071 T48
_wDEWEY
_c1
_i61714
_lCCODEBUL1
_mBUL
_p23.00
_r0
_sY
_tBOOK
_u2015-7-6
_xEDUCACION
_PP14
_0COMPRA
_o.STAFF. Colección General
949 _a427.02 T48 IN
_wDEWEY
_c1
_iFJ05464
_lCCODEBUJ1
_mBUJ
_p20.00
_r0
_sY
_tBOOK
_u2016-09-08
_xEDUCACIÓN
_PP14
_o.STAFF -- Colección General Juliaca
994 _aC0
_bPEPRU
596 _a1 3
999 _a428.07 HT G
_wDEWEY
_c52234
_i63228
_d52234
_e2017-2-23
_f2021-11-8
_g5
_lCCODEBUL1
_mBUL
_n6
_p28.00
_r0
_sN
_tBOOK
_u2015-7-6
_xEDUCACION
_PP20
_0COMPRA
_o.STAFF. Colección General
999 _a427.02 T48 IN
_wDEWEY
_c1
_iFJ05464
_d2019-4-17
_f2022-1-19
_g3
_lCCODEBUJ1
_mBUJ
_p20.00
_q6
_r0
_sY
_tBOOK
_u2017-1-17
_xEDUCACION
_PP14
_0COMPRA
_o.STAFF. Colección General Juliaca
980 _81
_gALBERTO SANCHEZ Responsable de Automatización